Classifica Marcatori Reggina All-Time - Statistics

Statistiche generali
  • Questo quiz è stato fatto 11 volte
  • Il punteggio medio è 3 su 10
Statistiche sulle risposte
Gol Nazione Calciatore % Corretto
51 Italia Francesco Cozza
100%
40 Italia Nicola Amoruso
89%
45 Italia Emiliano Bonazzoli
56%
37 Italia David Di Michele
22%
27 Italia Franco Brienza
22%
35 Italia Alfredo Aglietti
11%
43 Italia Davide Dionigi
11%
41 Italia Elvi Pianca
11%
26 Italia Gianni Merighi
0%
33 Italia Luigino Vallongo
0%
Nessun quiz corrispondente trovato
Distribuzione punteggi
Percentuale di utenti per punteggio
Percentile per numero di risposta
I tuoi punteggi nel tempo
Non hai fatto questo quiz